000
00188nam a22000977a 4500
082
_a
823
245
_a
REHEARSALE
246
_a
REHEARSALE
_b
REHEARSALE
650
_a
ENGLISH STORY
942
_c
BK
999
_c
8849
_d
8849